El Llibre dels camins : manual per esvair dubtes, desfer mites i reivindicar drets / Xavier Campillo Besses, Rafael López-Monné manual per esvair dubtes, desfer mites i reivindicar drets / Xavier Campillo Besses, Rafael López-Monné
ISBN:
978-84-92839-77-3
Descripción Física:
117 p. : il. col. ; 23 cm
Otros Autores:
López Monné, Rafael
Materias:
Camins -- Catalunya
MARC
| LEADER | 00000nam a2200000Ia 4500 | ||
|---|---|---|---|
| 001 | 23123 | ||
| 008 | 160829s2010 xx 000 0 cat d | ||
| 020 | |a 978-84-92839-77-3 | ||
| 080 | |a C-3-349 | ||
| 100 | |a Campillo, Xavier |9 40947 | ||
| 245 | |a El Llibre dels camins : |b manual per esvair dubtes, desfer mites i reivindicar drets / Xavier Campillo Besses, Rafael López-Monné | ||
| 260 | |a [Tarragona] : |b Arola, |c 2010 | ||
| 300 | |a 117 p. : |b il. col. ; |c 23 cm | ||
| 590 | |a Bibliografia | ||
| 650 | |a Camins |x Catalunya |9 40948 | ||
| 700 | |a López Monné, Rafael |9 40949 | ||
| 901 | |a Arxiu | ||
| 942 | |n 1 | ||
| 952 | |0 0 |1 0 |4 0 |6 C3349 |7 1 |9 49965 |a Arxiu |b Arxiu |d 2016-12-01 |l 0 |o C-3-349 |p 23123 |r 2016-12-01 00:00:00 |w 2016-12-01 |y ARXIU | ||
| 999 | |c 53807 |d 53807 | ||